Where the library hides : (Record no. 9927)

MARC details
000 -LEADER
fixed length control field 01249cam a22003618i 4500
001 - CONTROL NUMBER
control field 9927
003 - CONTROL NUMBER IDENTIFIER
control field FISKH
005 - DATE AND TIME OF LATEST TRANSACTION
control field 20260317095556.0
008 - FIXED-LENGTH DATA ELEMENTS--GENERAL INFORMATION
fixed length control field 240703s2024 nyu d 000 1 eng
010 ## - LIBRARY OF CONGRESS CONTROL NUMBER
LC control number 2024027064
020 ## - INTERNATIONAL STANDARD BOOK NUMBER
International Standard Book Number 9781250822994
Qualifying information (hardcover)
020 ## - INTERNATIONAL STANDARD BOOK NUMBER
Canceled/invalid ISBN 9781250823007
Qualifying information (ebook)
040 ## - CATALOGING SOURCE
Original cataloging agency DLC
Language of cataloging eng
Description conventions rda
Transcribing agency DLC
050 00 - LIBRARY OF CONGRESS CALL NUMBER
Classification number PZ7.1.I1153
Item number Wi 2024
082 ## - DEWEY DECIMAL CLASSIFICATION NUMBER
Classification number 813.6
100 1# - MAIN ENTRY--PERSONAL NAME
Personal name Ibañez, Isabel
Titles and words associated with a name (Novelist),
Relator term author.
245 10 - TITLE STATEMENT
Title Where the library hides :
Remainder of title a novel /
Statement of responsibility, etc. Isabel Ibañez.
250 ## - EDITION STATEMENT
Edition statement First edition.
260 ## - PUBLICATION, DISTRIBUTION, ETC.
Place of publication, distribution, etc. New York :
Name of publisher, distributor, etc. Wednesday Books,
Date of publication, distribution, etc. 2024.
300 ## - PHYSICAL DESCRIPTION
Extent 371 pages :
Other physical details illustrations ;
Dimensions 25 cm
520 ## - SUMMARY, ETC.
Summary, etc. Set in 1885, Inez marries Whitford in order to stay in Egypt and continue searching for her parents, but she wonders if their love can endure the secrets buried under the city of Alexandria.
521 ## - TARGET AUDIENCE NOTE
Target audience note Ages 13-18.
Source Wednesday Books.
650 #1 - SUBJECT ADDED ENTRY--TOPICAL TERM
Topical term or geographic name entry element Magic
Form subdivision Fiction.
650 #1 - SUBJECT ADDED ENTRY--TOPICAL TERM
Topical term or geographic name entry element Romance stories.
650 #1 - SUBJECT ADDED ENTRY--TOPICAL TERM
Topical term or geographic name entry element Fantasy.
651 #1 - SUBJECT ADDED ENTRY--GEOGRAPHIC NAME
Geographic name Egypt
General subdivision History
Chronological subdivision 19th century
Form subdivision Fiction.
655 #7 - INDEX TERM--GENRE/FORM
Genre/form data or focus term Romance fiction.
Source of term lcgft
655 #7 - INDEX TERM--GENRE/FORM
Genre/form data or focus term Fantasy fiction.
Source of term lcgft
655 #7 - INDEX TERM--GENRE/FORM
Genre/form data or focus term Novels.
Source of term lcgft
906 ## - LOCAL DATA ELEMENT F, LDF (RLIN)
a 7
b cbc
c orignew
d 1
e ecip
f 20
g y-gencatlg
942 ## - ADDED ENTRY ELEMENTS (KOHA)
Source of classification or shelving scheme Dewey Decimal Classification
Koha item type Books
Suppress in OPAC No
Holdings
Withdrawn status Lost status Source of classification or shelving scheme Damaged status Not for loan Collection Home library Current library Shelving location Date acquired Total Checkouts Full call number Barcode Date last seen Copy number Price effective from Koha item type
    Dewey Decimal Classification     Fiction Footprints International School Library Network Toul Kork Campus Footprints International School Library Network Toul Kork Campus A TK Campus, 4th Floor, Room B401, Fiction Bookcases (1-6) 03/17/2026   IBA 813.6 PZ7.1 .I1153 .W 2026-0331 03/17/2026 1 03/17/2026 Books
    Dewey Decimal Classification     Fiction Footprints International School Library Network Toul Tom Poung Campus Footprints International School Library Network Toul Tom Poung Campus TTP Secondary Fiction Bookshelves 03/20/2026   IBA 813.6 PZ7.1 .I1153 .W 2026-0354 03/20/2026 2 03/20/2026 Books